Angine de Poitrine songs - Statistics

General Stats
  • This quiz has been taken 25 times
  • The average score is 7 of 12
Answer Stats
Answer % Correct
Sherpa
91%
Fabienk
82%
Mata Zyklek
82%
Angor
73%
Sarniezz
64%
Utzp
64%
Tohogd
55%
Yor Zarad
55%
Ababa Hotel
45%
L'Aberek
45%
Sahardnieh
36%
Tamebsz
36%
No matching quizzes found
Score Distribution
Percent of People with Each Score
Percentile by Number Answered
Your Score History
You have not taken this quiz